00426nam a2200121Ia 4500008004100000245011000041260003900151260000900190300000700199650002600206650001200232856006000244170516s9999 xx 000 0 und d aAssociation of non-alcoholic fatty liver disease with renal stone disease detected on computed tomography bEuropean Journal of Radiology Open c2016 a3: xRadiologic Technology xRadtech uhttp://www.sciencedirect.com/science/journal/23520477/3